000 00593nam a22001937a 4500
005 20140812143714.0
010 _aENG-110361
020 _a9789350621783
_c425.00
035 _aEN-93893
037 _bDBAD/PUB
082 _a368
100 _aGulati, Neelam C.
245 _aPrinciples of risk management and insurance /
_cby Neelam C. Gulati
260 _aNew Delhi
_bExcel Books
_c2013
270 _aA-45, Naraina, Phase I
_bNew Delhi
_e110028
300 _axii,532p.
_c24cm(pbk)
500 _aIncludes bibliographical references and index
942 _2ddc
_cEN
_mGUL
_h368
999 _c86364
_d86364